Como viviam os Vikings (Registo nº 715)

Detalhes MARC
000 -Etiqueta do registo
Cabeçalho 00856nam0a22003251 4500
005 - Identificador da versão
Campo de controlo 20240813121810.0
010 ## - Número internacional normalizado dos livros (ISBN)
Número (ISBN) 9726504368
021 ## - Número do Depósito Legal
Código do país PT
035 ## - Other System Control Numbers
System Control Number 0000745
System Control Number 0000740
System Control Number 0000740
System Control Number 0000728
100 ## - Dados gerais de processamento
Dados gerais de processamento 20070925d1998 m e0pory5003 ba
102 ## - Pais de publicação ou produção
País de publicação Portugal
101 1# - Língua de publicação
Língua do texto, banda sonora, etc. Português
Língua do documento no original Inglês
106 ## - Campo de dados codificados: material textual
Dados codificados do material textual r
105 ## - Campo de dados codificados: livros
Dados codificados dos livros a z 001yy
215 ## - Descrição física 
Indicação específica da natureza do documento e extensão da espécie 32p.
Outras indicações físicas il.
Dimensões cm
200 1# - Titulo e menção de responsabilidade
Título próprio Como viviam os Vikings
Título paralelo Ricos e pobres, novos e velhos_ conhece o estilo de vida dos conquistadores Vikings
Primeira menção de responsabilidade Guilherme de Almeida
Outras menções de responsabilidade Trad.Rita Duarte
225 2# - Colecção 
Título próprio da colecção Civilizações Antigas
205 ## - Menção da edição
Menção da edição 1ªed
210 ## - Publicação, Distribuição, etc. 
Lugar da edição, distribuição, etc. Lisboa
Nome do editor, distribuidor, etc. Didáctica Editora
Data da publicação, distribuição, etc. 1998
675 ## - Classificação Decimal Universal (CDU)
Notação 948
Língua da edição eng
702 #1 - Nome de autor-pessoa física (responsabilidade secundária)
Número de registo de entrada de autoridade 0000958
Código de função Tradutor
701 #1 - Nome de autor-pessoa física (co-responsabilidade principal)
Código de função Tradutor
700 #1 - Nome de autor-pessoa física (responsabilidade principal)
Número de registo de entrada de autoridade 0000956
Palavra de ordem Almeida
942 ## - Elementos de entrada adicionados (Koha)
Tipo de item no Koha Livro
Exemplares
Situação do levantamento Origin of item (home branch) (coded) Biblioteca de empréstimo Código de barras Circulation type (not for loan) Tipo de documento Nota do exemplar Damaged status
  Biblioteca Escolar Eng. Nuno Mergulhão Biblioteca Escolar Eng. Nuno Mergulhão BENM1207   Livro Sem mensagem